LEADER 01470nam 2200397 450 001 9910704530603321 005 20130507093357.0 035 $a(CKB)5470000002442401 035 $a(OCoLC)841923018 035 $a(EXLCZ)995470000002442401 100 $a20130507d2013 ua 0 101 0 $aeng 135 $aurmn||||||||| 181 $2rdacontent 182 $2rdamedia 183 $2rdacarrier 200 10$a2020 census $elocal administrative records and their use in the Challenge Program and decennial : report to the Chairman, Committee on Homeland Security and Governmental Affairs, U.S. Senate 210 1$a[Washington, D.C.] :$cUnited States Government Accountability Office,$d2013. 215 $a1 online resource (ii, 19 pages) $cillustrations 300 $aTitle from title screen (viewed Apr. 30, 2013). 300 $a"February 2013." 300 $a"GAO-13-269." 320 $aIncludes bibliographical references. 517 $a2020 census 606 $aDemographic surveys$zUnited States$xPlanning 606 $aLocal government$vRecords and correspondence 607 $aUnited States$xCensus, 2020$xPlanning 615 0$aDemographic surveys$xPlanning. 615 0$aLocal government 712 02$aUnited States.$bCongress.$bSenate.$bCommittee on Homeland Security and Governmental Affairs, 801 0$bGPO 801 1$bGPO 906 $aBOOK 912 $a9910704530603321 996 $a2020 census$93442354 997 $aUNINA LEADER 03733nam 2200745 450 001 9910279744003321 005 20170924181926.0 010 $a2-7606-2895-7 010 $a979-1-03-650468-6 010 $a2-7606-2357-2 024 7 $a10.4000/books.pum.19782 035 $a(CKB)2470000000002122 035 $a(SSID)ssj0000734512 035 $a(PQKBManifestationID)12245917 035 $a(PQKBTitleCode)TC0000734512 035 $a(PQKBWorkID)10722454 035 $a(PQKB)10060925 035 $a(MiAaPQ)EBC4750289 035 $a(CaPaEBR)406391 035 $a(CaBNvSL)slc00213803 035 $a(MiAaPQ)EBC3248812 035 $a(FrMaCLE)OB-pum-19782 035 $a(oapen)https://directory.doabooks.org/handle/20.500.12854/41124 035 $a(VaAlCD)20.500.12592/cs6cs2 035 $a(schport)gibson_crkn/2009-12-01/3/406391 035 $a(PPN)23000122X 035 $a(EXLCZ)992470000000002122 100 $a20161212h20012001 uy 0 101 0 $afre 135 $aurcnu|||||||| 181 $ctxt 182 $cc 183 $acr 200 00$aApproches critiques de la pensee japonaise du XXe siecle = Critical Readings in Twentieth Century Japanese Thought /$fSous ia direction de Edited by Livia Monnet 210 $cPresses de l?Université de Montréal$d2001 210 1$aMontreal, [Quebec Province] :$cLes Presses de l'Universite de Montreal,$d2001. 210 4$d©2001 215 $a1 online resource (573 pages) $cillustrations 225 1 $aSocietes et cultures de l'Asie 300 $aBibliographic Level Mode of Issuance: Monograph 311 $a2-7606-1784-X 320 $aIncludes bibliographical references. 330 $aAu xxe siècle, le Japon aura laissé sur le monde une marque indélébile. Mais au-delà des coups d'éclat culturels, militaires et économiques, le pays du soleil levant est le lieu d'une pensée où la modernité est à la fois l'enjeu et l'acteur de profonds débats. Cet ouvrage rassemble des articles de chercheurs provenant de six pays, incluant le Canada, les États-Unis, le Japon et la France. Leurs contributions sont autant d'incursions dans ce riche territoire qu'est la modernité japonaise. De l'histoire de l'art du début du siècle au système d'esclavage sexuel, de la citoyenneté des femmes à l'époque impériale aux positions totalitaires de Watsuji Tetsuro, proches de celles de Heidegger, l'histoire du Japon moderne est ici réexaminée dans ce qu'elle a de plus fondamental. Ce qui unifie ces articles malgré la diversité de leurs approches et méthodologies (philosophie, littérature, sciences naturelles, géographie, entre autres), c'est une volonté constante de repenser le nationalisme culturel et son rôle dans la construction de la modernité japonaise, ainsi qu'un questionnement sérieux des paradigmes mêmes de l'histoire des idées. 410 0$aSocie?te?s et cultures de l'Asie. 517 3 $aCritical readings in twentieth century Japanese thought 606 $aPhilosophy, Japanese$y20th century 606 $aPolitical science$zJapan 607 $aJapan$xCivilization$y20th century 610 $apensée japonaise 610 $asexualité 610 $ahistoire de l'art 610 $anationalisme 610 $aphilosophie japonaise 615 0$aPhilosophy, Japanese 615 0$aPolitical science 676 $a181.12 700 $aLivia Monnet$4auth$01349404 702 $aMonnet$b Livia 801 0$bMiAaPQ 801 1$bMiAaPQ 801 2$bMiAaPQ 906 $aBOOK 912 $a9910279744003321 996 $aApproches critiques de la pensee japonaise du XXe siecle = Critical Readings in Twentieth Century Japanese Thought$93087323 997 $aUNINA